000 00738nam a22001935i 4500
001 153548
003 ES-MaACL
005 20250727015755.0
008 010427s1854 fr |||| | fre d
100 1 _aOchoa, Eugenio de.
_986476
245 1 0 _aDoña Isabelle II de Bourbon, Reine d'Espagne /
_c[Eugenio de Ochoa].
260 _aParis :
_bDidier,
_c1854 (
_fImp. chez Bonaventure et Ducessois)
300 _a48 p. ;
_c22 cm.
530 _aDisponible en formato digital.
600 0 4 _aIsabel
_bII,
_cReina de España
_965524
852 4 _aES-MaACL
_jT-18-F-2
_z- Enc. hol., falto de cub. original
_z- Enc. en un vol. facticio
856 4 _uhttps://gallica.bnf.fr/ark:/12148/bpt6k62169658
_zGallica (BNF)
999 _c153548
_d153548